The idea of the University: A reader.

Gespeichert in:
Bibliographische Detailangaben
Weitere Verfasser: Peters, Michael A (HerausgeberIn), Barnett, Ronald (HerausgeberIn), Heraud, Richard
Format: Unbekannt
Sprache:Englisch
Veröffentlicht: New York, United States Peter Lang, 2018
Schriftenreihe:Global Studies in Education.
Schlagworte:
Tags: Tag hinzufügen
Keine Tags, Fügen Sie den ersten Tag hinzu!

MARC

LEADER 00000 a2200000 4500
003 CL-VaPUC
005 20210303001425.0
008 200427b ||||| |||| 00| 0 eng d
999 |c 422630  |d 422628 
020 |a 9781433121906 
040 |c Pontificia Universidad Católica de Valparaíso 
082 |2 21  |a 378 PET 2018 
100 |a Peters, Michael A  |9 737436  |4 editor 
245 |a The idea of the University: A reader. 
260 |b Peter Lang,   |c 2018  |a New York, United States 
300 |a 692 páginas  
440 |a Global Studies in Education.  |9 737437  |n 17 
505 |a Part One: The German (Bildung) tradition. Part Two: The English and Scottish (Liberal) tradition. Part Three: The American (Pragmatist) tradition. Part Four: Other contributions to the discourse.  
583 |k Cristina Rojas  |c 20200427 
650 0 |a Educación superior   |9 223851 
650 0 |a Universidades  |9 256317 
700 |a Barnett, Ronald  |9 856306  |4 editor 
700 |a Heraud, Richard  |9 856313 
942 |2 ddc  |c BK